ห้องสมุด วิทยาลัยพยาบาลบรมราชชนนี อุดรธานี Boromarajonani College of Nursing, Udonthani
mysqli: Table './ulib2015/stat_globaluid' is marked as crashed and last (automatic?) repair failed select id from stat_globaluid where statuid='20260419142724_2214' mysqli: Table './ulib2015/stat_globaluid' is marked as crashed and last (automatic?) repair failed DELETE FROM stat_globaluid
WHERE id NOT IN (
SELECT id
FROM (
SELECT id
FROM stat_globaluid
ORDER BY id DESC
LIMIT 100
) foo
); mysqli: Table './ulib2015/stat_globaluid' is marked as crashed and last (automatic?) repair failed insert into stat_globaluid set
statuid='20260419142724_2214',
dt='1776583644',
phpself='/ULIB/dublinfull.php',
agent='Mozilla/5.0 AppleWebKit/537.36 (KHTML, like Gecko; compatible; ClaudeBot/1.0; +claudebot@anthropic.com)',
yea='2026',
mon='4',
dat='19',
ip='216.73.216.142'
LEADER 00674nam 2200229 a 4500
001 12132
003 ULIBM
008 040811s2542 th m a001 0 tha d
020 ^a974-272-074-6
050 4 ^aCT^bภ671พ 2542
245 ^a ^a1111
250 ^aพิมพ์ครั้งที่ 1.
300 ^a 119 หน้า.
650 7 ^aพระมหาชนก
945 ^p0^l0^i17575
945 ^p0^l0^i17576
945 ^p0^l0^i17577
945 ^p0^l0^i17578
945 ^p0^l0^i17579
999 ^aลิขิตลักษณ์
คุณยังไม่ได้ล็อกอิน คุณสามารถมีกิจกรรมร่วมกับเว็บไซต์ได้ แต่ต้องล็อกอินก่อน ::
ลำดับที่
ประเภท
เลขเรียก /บาร์โค้ด
สถานที่
สถานะ
1.
หนังสือภาษาไทย CT ภ671พ 2542 Barcode: 17575 หนังสือทั่วไป On Shelf
2.
หนังสือภาษาไทย CT ภ671พ 2542 ฉ.2 Barcode: 17576 หนังสือทั่วไป On Shelf
3.
หนังสือภาษาไทย CT ภ671พ 2542 ฉ.3 Barcode: 17577 หนังสือทั่วไป On Shelf
4.
หนังสือภาษาไทย CT ภ671พ 2542 ฉ.4 Barcode: 17578 หนังสือทั่วไป On Shelf
5.
หนังสือภาษาไทย CT ภ671พ 2542 ฉ.5 Barcode: 17579 หนังสือทั่วไป On Shelf [แสดง 5/5 รายการ]
mysqli: Can't create/write to file '/var/tmp/#sql_59d_0.MAI' (Errcode: 2) select * from index_db where titl like '%พระราชนิพนธ์เรื่องพระมหาชนก (ฉบับการ์ตูน)/ ภูมิพลอดุลยเดชฯ, พระบาทสมเด็จพระเจ้าอยู่หัว%' and mid<>'12132' order by rand() limit 3 mysqli: Can't create/write to file '/var/tmp/#sql_59d_0.MAI' (Errcode: 2) select * from index_db where subj like '%พระมหาชนก%' and mid<>'12132' order by rand() limit 3
ยังไม่เคยถูกคอมเมนท์
คอมเมนท์ทรัพยากรรายการนี้
JavaScript must be enabled in order for you to use Google Maps.
However, it seems JavaScript is either disabled or not supported by your browser.
To view Google Maps, enable JavaScript by changing your browser options, and then
try again.